| 000 | 00324nam a2200109 4500 | ||
|---|---|---|---|
| 999 |
_c508480 _d508480 |
||
| 082 | _aA8x54 P/1984 | ||
| 100 |
_aIndia. Central Statistical Orgganisation _91087 |
||
| 245 |
_aStatistical pocket book India 1984 _cby Department of Statistics |
||
| 260 |
_aDelhi _bManager of Publications _c1985 |
||
| 300 | _a276p. | ||
| 942 | _2ddc | ||